Rozpoznaj postać z Pingwinów z Madagaskaru po opisie! - Statystyki

Ogólne statystyki
  • Ten quiz został rozwiązany 360 razy
  • Średni wynik to 10 z 13
Statystyki odpowiedzi
Opis Postać % Poprawnych
Szef bandy pingwinów który uwielbia wojne i nienawidzi sąsiadujących lemurów Skipper
97%
Najsłodszy pingwin z wszystkich komandosów pewnie was to nie zaskoczy ale on KOCHA jednorożce Szeregowy
95%
Najmądrzejszy pingwin i jednocześnie najwyższy lubi robić wynalaski i eksperymenty i pytanie czy to nie on zbudował tej całej tajnej bazy? Kowalski
94%
Lubi rządzić innymi lemurami no co sie oszukiwać lubi rządzić wszystkimi dręczy pingwiny i ogłasza sie Królem i w dodatku jest najwyższy z całej trójki Król Julian
94%
Cały czas próbuje sie dostać do króla ale co jeszcze dziwniejsze Do jego STÓP!!! no może król jako lemur ma miękkie stopy ale on też jest przecie lemurem! Mort
93%
Psychopata który rzyga dynamitem i broniami jak na pingwina to sprytnie chowa te rzeczy w swojm brzuchu Rico
92%
Sługa ,,Króla lemurów" najmądrzejszy lemur na calym wybiegu ale na tym wybiegu nie ma zbyt wiele za mądrych lemurów Moris
91%
Jedyna Wydra w zoo bardzo sie przyjaźni z grupką komandosów pingwinów Marlenka
86%
Człowiek który rządzi w całym zoo poprostu ma tam prace :p ale założe sie że gdyby miała wybór zmieniła by ją Alice
61%
2 zwierze w tym programie co nie żyje w zoo może była tamta wiewiórka ale ona była fajna! a ten delfin jest zly i ma swojch krabich sługusów Doktor Bulgot
49%
Aligator który został spuszczony w toalecie żył w kanałach a teraz w tym samym zoo podobno chciał grać na broadwayu Rysiek
44%
Jedyne zwierze co nie żyje w zoo a jest mega fajne w tym programie słyszałem ze to wiewiórka Fred
42%
Nosorożec który żyje w zoo i jest raczej nie nastawiono przyjacielsko ani nie jest nastawiony wrogo Bart
11%
Nie znaleziono quizów pasujących do podanych kryteriów
Rozkład punktacji
Procent ludzi z każdym wynikiem
Percentyl według liczby udzielonych odpowiedzi
Twoja historia wyników
Nie rozwiązałeś tego quizu